Państwa zyskujące najwięcej ludności do 2070 roku - Statystyki

Ogólne statystyki
  • Ten quiz został rozwiązany 7 470 razy
  • Średni wynik to 11 z 20
Statystyki odpowiedzi
Dodatkowa liczba ludności % wzorstu Państwo % Poprawnych
80,1 mln 302% Niger
88%
271 mln 19% Indie
78%
58,7 mln 51% Filipiny
70%
147 mln 118% Etiopia
68%
213 mln 213% Demokratyczna Republika Konga
66%
46,6 mln 14% Stany Zjednoczone
62%
63,5 mln 134% Sudan
55%
52,8 mln 127% Afganistan
51%
73,9 mln 66% Egipt
51%
114 mln 172% Tanzania
50%
43,3 mln 190% Mali
49%
202 mln 85% Pakistan
47%
40,1 mln 141% Wybrzeże Kości Słoniowej
47%
252 mln 114% Nigeria
46%
47,1 mln 87% Kenia
42%
48,2 mln 108% Irak
41%
41,8 mln 15% Indonezja
40%
64,0 mln 178% Angola
39%
50,6 mln 152% Mozambik
35%
64,5 mln 135% Uganda
35%
Nie znaleziono quizów pasujących do podanych kryteriów
Rozkład punktacji
Procent ludzi z każdym wynikiem
Percentyl według liczby udzielonych odpowiedzi
Twoja historia wyników
Nie rozwiązałeś tego quizu